000 00464nam a22001697a 4500
005 20251108172340.0
008 250721s1990 xx 000 0 ara d
082 1 4 _a920.056/حسن
100 1 _aصعب، حسن
245 1 0 _aشخصيات عرفتها و أحببتها /
264 1 _aبيروت :
_bدار العلم للملايين،
_c1990.
300 _a148ص
650 1 7 _aالتراجم
650 1 7 _aالعرب
942 _2ddc
_cBK
999 _c76894
_d76894